000 00668nam a22002057a 4500
999 _c3261
_d3261
003 OSt
005 20231109155627.0
008 231109b ||||| |||| 00| 0 eng d
020 _a9789670675336
040 _cKH8
082 _a400 EZA
100 _aEzaty Mazlan,
_eauthor.
245 _aYey, Jom Beraya! /
_cEzaty Mazlan.
300 _a24 pages :
_bcolor illustrations ;
_c19 cm x 26 cm.
440 _aSiri Info Aktiviti Tradisi
520 _aSiri ini memberi peluang kepada pelajar untuk mengetahui dan berkongsi pengalaman melalui cerita dalam siri ini.
650 _aMalay language
_vForeign language
830 _aSiri Info Aktiviti Tradisi
942 _2ddc
_cTR